Windows NT backup and restore (Record no. 182269)

MARC details
000 -LEADER
fixed length control field 00387nam a2200157Ia 4500
005 - DATE AND TIME OF LATEST TRANSACTION
control field 20250428163730.0
008 - FIXED-LENGTH DATA ELEMENTS--GENERAL INFORMATION
fixed length control field 231217s9999 xx 000 0 und d
020 ## - INTERNATIONAL STANDARD BOOK NUMBER
International Standard Book Number 9781565922723
082 ## - DEWEY DECIMAL CLASSIFICATION NUMBER
Classification number 001.6424WIN LEB;1 R
100 ## - MAIN ENTRY--PERSONAL NAME
Personal name Leber, Jody.
245 #0 - TITLE STATEMENT
Title Windows NT backup and restore
260 ## - PUBLICATION, DISTRIBUTION, ETC. (IMPRINT)
Date of publication, distribution, etc. 1998
Name of publisher, distributor, etc. O'Reilly
Place of publication, distribution, etc. Cambridge
300 ## - PHYSICAL DESCRIPTION
Extent xiv+304
650 ## - SUBJECT ADDED ENTRY--TOPICAL TERM
Topical term or geographic name as entry element abc
942 ## - ADDED ENTRY ELEMENTS (KOHA)
Koha item type Books
Holdings
Date last seen Total Checkouts Full call number Accession number Old discount Price effective from Category Lost status Damaged status Department Withdrawn status bill date Permanent Location Current Location Shelving location Entry date Vendor Grants Currency symbol Conversion rate Discount Discount type
26/01/2024   001.6424WIN LEB;1 R 52800   26/01/2024 Books     Central Library   07/06/2012 Central Library Central Library Library Annex 20/02/2009 Publisher DONATED RS 1   Rupees

© For any Suggestions or Query, please contact the library staff @ librarian@pes.edu or Phone: +9180 2672 1983/ 2108.